01117 a2200193 45000010006000000050017000060080041000230030015000640400040000790800039001192450027001580200018001852640034002033000024002375050528002611000026007897000021008158560087008361366220260407155444.0260407a2000 arg spa dAR-UNSa-BCEJYS aAR-UNSa-BCEJYSbspacAR-UNSa-BCEJYS a657.6xAuditoria (control interno)10aEl informe del auditor a950-739-853-8 1aBuenos Aires :bErreparc2000 axxv, 229 p.c21 cm. a1. Normas de auditoria - 2. Análisis del contenido de la Resolución Técnica Nº7 - 3. El informe corto - 4. Opinión favorable sin salvedades - 5. Opinión favorable con salvedades(determinadas e indeterminadas) - 6. Abstención de opinón - 7. Opinón adversa - 8. Opinión parcial - 9. Opinión sobre los estados contables consolidados - 10. Informe sobre los estados contables de periodos intermedios - 11. Negocios de unico propietario - 12. Informe extenso - 13. Informes especiales - 14. Certificaciones.1 aCasal, Armando Miguel1 aWainstein, Mario41uhttps://170.210.207.44/pmb/images/libros/L86153.jpgyImagen de portadaqimage/jpeg